00483nam a2200121Ia 450000500170000000800410001708200150005810000180007324501000009126000500019130000120024150001080025320250704022028.0240331s9999 xx 000 0 und d a303.6bLIY aLiyanagame, A 0aLanka ethihasaye madyathana yugaye ena Keralayo prathivirudda avastha dekak pilibanda adyanayak aColombobSocial Scientist's Associationc1994 a24 p., aTranslation by the author of "Keralas in Medieval Sri Lankan History. A study of two Contrasting Roles"